000 00462nam a22001817a 4500
001 00028607
005 20260319163053.0
008 260319b ag ||||| |||| 00| 0 spa d
020 _a9780316003957
040 _beng
_cAR-CcCEOS
080 _a820-3
090 _bSTE
100 _aTrenton Stewart
_9936
245 _aThe mysterious benedict society /
_cTrenton Stewart
300 _a485 p. ;
_c20x15 cm.
650 0 _aliteratura infantil
942 _2udc
_cBK
999 _c28637
_d28637
945 _a66467
_bMelina Rolando
_c66467
_dMelina Rolando